00511nam a22001457a 450000500170000001000150001702000110003203500140004303700130005708200080007024500990007826000820017727000850025930000210034420221018105945.0 aENG-135470 c490.00 aEN-119002 bDBAD/PUB a370 aReading Habits In Changing Scenario & LIS Education: Emerging Paradigm, Challenges and Vision/ aKolkatabIndian Association Of Special Libraries and Information Centrec2012 aP-291, CIT Scheme 6M, KankurachibKolkatae700054k033-23629651miaslic@vsnl.net a456p.c24cm(pbk)